000 00720pam a2200241 a 4500
999 _c45408
_d45408
001 3981149
005 20190218085803.0
008 951020s1996 miu 000 0 eng
010 _a 95046080
020 _a0802807917
040 _aDLC
_cDLC
_dDLC
100 1 _aCapon, Robert Farrar.
245 1 4 _aThe astonished heart :
_breclaiming the good news from the lost-and-found of church history /
_cRobert Farrar Capon.
260 _aGrand Rapids, Mich. :
_bW.B. Eerdmans,
_cc1996.
300 _ax, 122 p. ;
_c23 cm.
336 _atext
337 _aunmediated
338 _avolume
650 0 _aChurch
_xCatholicity.
650 0 _aChurch history.
650 0 _aSpiritual life
_xChristianity.
942 _2lcc
_cBK